Top 20 best football clubs of 1990s - Statistics

General Stats
  • This quiz has been taken 115 times
  • The average score is 14 of 20
Answer Stats
Position Hint Answer % Correct
1 2 Champions League, 5 Serie A titles AC Milan
100%
2 Champions League 1996, 3 Serie A titles, 2 UEFA Cup Juventus
99%
4 Champions League 1999, 5 Premier League titles Manchester United
98%
6 Champions League 1998, 3 La Liga titles Real Madrid
98%
3 Champions League 1992, 6 La Liga titles Barcelona
97%
5 Champions League 1995, 5 Eredivisie titles Ajax
96%
8 Champions League 1997, 2 Bundesliga titles Borussia Dortmund
96%
9 UEFA Cup 1996, 4 Bundesliga titles Bayern Munich
94%
7 Champions League 1993, 3 Ligue 1 titles Olympique Marseille
93%
12 Cup Winners Cup 1994, 2 Premier League titles Arsenal
82%
14 Cup Winners Cup 1996, Ligue 1 1994 Paris Saint-Germain
74%
19 8 Primeira Liga titles Porto
70%
10 3 UEFA Cup Inter Milan
59%
13 Cup Winners Cup 1990, Serie A 1991 Sampdoria
58%
20 Ligue 1 1997 Monaco
44%
15 Chiampions League 1991 Red Star Belgrade
42%
11 2 UEFA Cup, Cup Winners Cup 1993 Parma
34%
18 Cup Winners Cup 1992, Bundesliga 1993 Werder Bremen
34%
17 Cup Winners Cup 1999 Lazio
33%
16 2 Coppa Libertadores, 2 Intercontinental Cup Sao Paulo
18%
No matching quizzes found
Score Distribution
Percent of People with Each Score
Percentile by Number Answered
Your Score History
You have not taken this quiz